[Event "FIDE Open"]
[Site "Voronezh"]
[Date "2017.06.12"]
[Round "1.57"]
[White "Filippov, Ivan"]
[Black "Gaglazov, Mikhail"]
[Result "1-0"]
[WhiteElo "2041"]
[BlackElo "1668"]
[Annotator ""]
[Source ""]
[Remark ""]

1.d4 Nf6 2.c4 e6 3.Nf3 Bb4+ 4.Nbd2 b6 5.a3 Bxd2+ 6.Bxd2 Bb7 7.Bg5
d6 8.e3 Nbd7 9.Be2 Qc8 10.O-O Ne4 11.Bh4 O-O 12.Rc1 f5 13.Nd2
Ndf6 14.Nxe4 Nxe4 15.f3 Nf6 16.Qc2 c5 17.Bd3 h6 18.Bg3 Ne8 19.Rfe1
g5 20.Rcd1 h5 21.h4 Qd8 22.hxg5 Qxg5 23.Qf2 Rc8 24.Bh4 Qg7 25.Qg3
Qxg3 26.Bxg3 Rf7 27.Kf2 a5 28.Rh1 Nf6 29.Bxd6 Ne4+ 30.Bxe4 fxe4
31.f4 cxd4 32.Rxd4 b5 33.Rxh5 bxc4 34.Be5 Rh7 35.Rxh7 Kxh7 36.Rd7+ 1-0

[Event "FIDE Open"]
[Site "Voronezh"]
[Date "2017.06.12"]
[Round "1.57"]
[White "Kumakov, Ivan"]
[Black "Lebedev, Mikhail S."]
[Result "0-1"]
[WhiteElo "1658"]
[BlackElo "2041"]
[Annotator ""]
[Source ""]
[Remark ""]

1.d4 Nf6 2.Bg5 Ne4 3.Bf4 c5 4.f3 Nf6 5.d5 Qb6 6.Be5 d6 7.Bc3
g6 8.e4 Bg7 9.Nd2 O-O 10.Nc4 Qd8 11.g4 b5 12.Ne3 b4 13.Bd2 Nbd7
14.h4 e6 15.dxe6 fxe6 16.Bc4 Nb6 17.Nh3 Nxc4 18.Nxc4 d5 19.exd5
exd5 20.Ne3 Qd6 21.Qe2 Ba6 22.Qg2 d4 23.Nf1 Rae8+ 24.Kd1 Nd5
25.Kc1 Re2 26.Qg1 Rxf3 27.Ng5 Rf8 28.Rh2 Ree8 29.Ng3 Ne3 30.N5e4
Qe5 31.Bxe3 dxe3 32.Rb1 e2 33.Qe1 Rf1 34.Nxf1 exf1Q 0-1

[Event "FIDE Open"]
[Site "Voronezh"]
[Date "2017.06.12"]
[Round "1.57"]
[White "Bezgodova, Svetlana"]
[Black "Chekletsova, Darya"]
[Result "1-0"]
[WhiteElo "2038"]
[BlackElo "1657"]
[Annotator ""]
[Source ""]
[Remark ""]

1.Nf3 d5 2.g3 Bf5 3.Bg2 e6 4.O-O Nf6 5.d3 Be7 6.Nbd2 O-O 7.c4
c6 8.b3 Nbd7 9.Bb2 Qc7 10.Rc1 Qa5 11.a3 Rac8 12.b4 Qd8 13.Re1
h6 14.e4 dxe4 15.dxe4 Bh7 16.e5 Ne8 17.Ne4 Qc7 18.c5 Bxe4 19.Rxe4
b6 20.cxb6 axb6 21.Nd4 c5 22.Nb5 Qd8 23.Rec4 Nb8 24.Qg4 Qd7 25.a4
Rd8 26.bxc5 Bxc5 27.Nd6 Kh8 28.Nb7 Rc8 29.Nxc5 Rxc5 30.Rxc5 bxc5
31.Rxc5 Na6 32.Rc1 Nec7 33.Rd1 Qe7 34.Rd6 Rb8 35.Qe2 Rd8 36.Ba3
Qg5 37.h4 Qe7 38.Qd3 Rb8 39.Rxa6 Qe8 40.Ra7 Rd8 41.Bd6 Nd5 42.Bxd5
exd5 43.Qxd5 1-0

[Event "FIDE Open"]
[Site "Voronezh"]
[Date "2017.06.12"]
[Round "1.57"]
[White "Tatarintsev, Mikhail"]
[Black "Napalkov, Vladimir"]
[Result "0-1"]
[WhiteElo "1655"]
[BlackElo "2031"]
[Annotator ""]
[Source ""]
[Remark ""]

1.e4 c6 2.d4 d5 3.exd5 cxd5 4.c4 e6 5.c5 Nf6 6.Nf3 Nc6 7.Nc3
Be7 8.Bb5 O-O 9.O-O Ne4 10.Re1 Nxc3 11.bxc3 f6 12.c4 a6 13.Bxc6
bxc6 14.cxd5 exd5 15.Qa4 Qc7 16.Rb1 Bg4 17.Rb6 Rfc8 18.Bd2 Qd7
19.Re3 Bxf3 20.Rxf3 Bd8 21.Rb1 Rcb8 22.Rfb3 Rxb3 23.Qxb3 Bc7
24.Qd3 Qc8 25.g3 Rb8 26.Rxb8 Bxb8 27.Ba5 f5 28.f4 g6 29.Qe2 Kf7
30.Kf2 Qb7 31.Bb6 Qc8 32.h4 h5 33.Ke1 Qe8 34.Qxe8+ Kxe8 35.Kd2
Kf7 36.Kc3 g5 37.Kd3 gxf4 38.gxf4 Bxf4 39.Bd8 Bh6 40.Ke2 Kg6
41.Kf3 Bg7 42.Ke3 f4+ 43.Kxf4 Bxd4 44.Be7 Bf6 0-1

[Event "FIDE Open"]
[Site "Voronezh"]
[Date "2017.06.12"]
[Round "1.57"]
[White "Arbuzov, Mikhail"]
[Black "Ragimli, Deniz"]
[Result "1-0"]
[WhiteElo "2022"]
[BlackElo "1648"]
[Annotator ""]
[Source ""]
[Remark ""]

1.d4 d5 2.c4 Nc6 3.e3 Bf5 4.cxd5 Qxd5 5.Nc3 Qd7 6.d5 Nb8 7.e4
Bg6 8.Bf4 a6 9.Qb3 Qc8 10.h4 Nf6 11.e5 Nfd7 12.Be2 Nc5 13.Qc4
b6 14.b4 Nb7 15.Nf3 c5 16.O-O b5 17.Qb3 c4 18.Qb2 e6 19.a4 Nd7
20.axb5 axb5 21.Rxa8 Qxa8 22.Nxb5 Qc8 23.d6 f6 24.Nc7+ Kf7 25.Bxc4
Bf5 26.Nd4 fxe5 27.Nxf5 exf4 28.Bxe6+ Kg6 29.Qc2 Kh5 30.Bf7+ 1-0

[Event "FIDE Open"]
[Site "Voronezh"]
[Date "2017.06.12"]
[Round "1.57"]
[White "Vasiljev, Ilya"]
[Black "Mikhnenko, Alexander"]
[Result "0-1"]
[WhiteElo "1644"]
[BlackElo "2019"]
[Annotator ""]
[Source ""]
[Remark ""]

1.e4 c5 2.Nf3 e6 3.d4 cxd4 4.Nxd4 a6 5.Nc3 Qc7 6.Bd3 Nc6 7.Nxc6
bxc6 8.O-O d5 9.exd5 cxd5 10.Re1 Bb7 11.Bg5 Bb4 12.Qg4 Bd6 13.Kh1
Ne7 14.Bxe7 Qxe7 15.Qxg7 O-O-O 16.Qd4 Bc5 17.Qa4 Qd6 18.f3 Rhg8
19.a3 Rg5 20.Qh4 Rdg8 21.Re2 Qe7 22.Qh3 Qf6 23.Rae1 Kb8 24.Na4
Ba7 25.b4 h5 26.Rb1 Ka8 27.Nc5 Bxc5 28.bxc5 Qc3 29.c6 Qxc6 30.c4
Qc5 31.cxd5 Rxd5 32.Be4 Rd7 33.Bxb7+ Rxb7 34.Ree1 Qf2 35.Rec1
Qc2 36.Ra1 Qb2 37.Rg1 Qe5 38.Rge1 Qg5 39.Rab1 Rxb1 40.Rxb1 Rc8
41.Rd1 Rc1 42.Rg1 Qe3 0-1

[Event "FIDE Open"]
[Site "Voronezh"]
[Date "2017.06.12"]
[Round "1.57"]
[White "Moiseenko, Andrey"]
[Black "Denisenko, Dmitry"]
[Result "1-0"]
[WhiteElo "2010"]
[BlackElo "1628"]
[Annotator ""]
[Source ""]
[Remark ""]

1.d4 Nf6 2.c4 g6 3.f3 Bg7 4.e4 e6 5.Nc3 Nh5 6.Be3 f5 7.Nge2 O-O
8.Qd2 fxe4 9.fxe4 d5 10.O-O-O dxc4 11.e5 Bh8 12.Ne4 Qh4 13.N2c3
b5 14.Bg5 Qg4 15.h3 Qf5 16.g4 Qf7 17.gxh5 b4 18.Na4 Bb7 19.Nac5
c3 20.bxc3 bxc3 21.Qxc3 Bd5 22.Bc4 Qf5 23.Bxd5 exd5 24.Nf6+ Bxf6
25.Bxf6 Qxh5 26.Qb3 c6 27.Qb7 1-0

[Event "FIDE Open"]
[Site "Voronezh"]
[Date "2017.06.12"]
[Round "1.57"]
[White "Knyazev, Pavel"]
[Black "Garafutdinov, Ainur"]
[Result "0-1"]
[WhiteElo "1628"]
[BlackElo "1998"]
[Annotator ""]
[Source ""]
[Remark ""]

1.Nf3 f5 2.g3 Nf6 3.Bg2 g6 4.d3 Bg7 5.O-O d6 6.Nbd2 O-O 7.e4
e5 8.c3 c6 9.Qb3+ Kh8 10.Re1 Qe7 11.Qa3 Qc7 12.Nc4 Rd8 13.Bg5
Be6 14.Nfd2 h6 15.Bxf6 Bxf6 16.exf5 gxf5 17.d4 e4 18.Bh3 d5 19.Ne3
Qd7 20.Qb3 Rg8 21.Qd1 f4 22.Bxe6 Qxe6 23.Qh5 Bg5 24.Ng4 fxg3
25.Nf3 gxf2+ 26.Kxf2 Qf5 27.Qh3 Bh4+ 0-1

[Event "FIDE Open"]
[Site "Voronezh"]
[Date "2017.06.12"]
[Round "1.57"]
[White "Kholodov, Vladimir"]
[Black "Belov, Aleksei"]
[Result "1-0"]
[WhiteElo "1986"]
[BlackElo "1625"]
[Annotator ""]
[Source ""]
[Remark ""]

1.e4 c5 2.Nf3 d6 3.d4 cxd4 4.Nxd4 Nf6 5.Nc3 a6 6.Bd3 e6 7.Be3
Qc7 8.Nb3 b5 9.a3 Bb7 10.O-O Be7 11.f4 O-O 12.f5 e5 13.g4 d5
14.g5 Nxe4 15.Bxe4 dxe4 16.f6 Bd6 17.fxg7 Re8 18.Nd5 Bxd5 19.Qxd5
Nc6 20.Rf6 Rad8 21.Raf1 Nd4 22.Rxf7 Qc6 23.Rf8+ Kxg7 24.Qf7# 1-0

[Event "FIDE Open"]
[Site "Voronezh"]
[Date "2017.06.12"]
[Round "1.57"]
[White "Kocharyan, Hayk"]
[Black "Smiyan, Vladimir"]
[Result "1/2-1/2"]
[WhiteElo "1604"]
[BlackElo "1983"]
[Annotator ""]
[Source ""]
[Remark ""]

1.c4 c6 2.Nc3 d5 3.cxd5 cxd5 4.d4 Nf6 5.Bf4 e6 6.e3 a6 7.Bd3
Be7 8.Nf3 O-O 9.h3 b5 10.Rc1 Bb7 11.O-O Nbd7 12.Ne5 Rc8 13.Bh2
Ne4 14.f3 Nd6 15.f4 f5 16.Qf3 Nf6 17.Rfd1 Nde4 18.Bxe4 Nxe4 19.Nxe4
dxe4 20.Qe2 Bd5 21.b3 g6 22.Rxc8 Qxc8 23.Qb2 Qb7 24.Rc1 Rc8 25.Rc2
Bd6 26.Qc1 Rc7 27.Rxc7 Qxc7 28.Qxc7 Bxc7 29.Nd7 Kf7 30.Kf1 Ke7
31.Ne5 Bd6 32.Ke2 a5 33.Kd1 Bb4 34.Bg3 a4 35.Kc2 Ba5 36.Bf2 Bb4
37.Bg3 Ba5 38.Bf2 Bb4 1/2-1/2

[Event "FIDE Open"]
[Site "Voronezh"]
[Date "2017.06.12"]
[Round "1.57"]
[White "Rozmetov, Aybek"]
[Black "Ryumshin, Vladislav"]
[Result "0-1"]
[WhiteElo "1978"]
[BlackElo "1603"]
[Annotator ""]
[Source ""]
[Remark ""]

1.d4 d5 2.Nf3 c6 3.g3 e6 4.Bg2 f5 5.c4 Nf6 6.O-O Nbd7 7.Nc3 Be7
8.Nd2 O-O 9.b3 Ne4 10.Bb2 Qe8 11.Qc2 Rf6 12.f3 Nxc3 13.Bxc3 Rh6
14.e4 Qh5 15.h3 Qg5 16.Rfe1 fxe4 17.fxe4 Qxg3 18.Nf1 Qg6 19.Re2
dxc4 20.bxc4 Rxh3 21.e5 Qxc2 22.Rxc2 Rh4 23.Kf2 Rf4+ 24.Kg3 Rf8
25.Ne3 Bg5 26.Ng4 Nb6 27.Bb4 Rf7 28.a4 Be7 29.Bd2 a5 30.Be3 Ra6
31.Bf1 Na8 32.d5 h5 33.Nf2 h4+ 34.Kh2 Rf3 35.Bd4 c5 36.Rc3 Rf5
37.Rc2 cxd4 38.c5 Ra7 39.d6 Bg5 40.Bb5 Bf4+ 41.Kg2 Rxe5 42.d7
Bxd7 43.Bxd7 Nc7 44.Kf3 Bg3 45.Ne4 Na6 46.Rd1 d3 47.Rc4 Ra8 48.Rxd3
Rf8+ 49.Kg2 Rf4 50.Ng5 Rxg5 51.Bxe6+ Kh7 52.Rxf4 Bxf4+ 53.Kf2
Nxc5 0-1

[Event "FIDE Open"]
[Site "Voronezh"]
[Date "2017.06.12"]
[Round "1.57"]
[White "Shcherbinin, Nikolay"]
[Black "Kasantsev, Anatolij B."]
[Result "1-0"]
[WhiteElo "1602"]
[BlackElo "1961"]
[Annotator ""]
[Source ""]
[Remark ""]

1.e4 c5 2.Nc3 Nc6 3.g3 g6 4.Bg2 Bg7 5.d3 e6 6.f4 d6 7.Nf3 Nge7
8.O-O O-O 9.g4 f5 10.g5 Rb8 11.h4 b5 12.h5 gxh5 13.Nh4 b4 14.Nb1
Nd4 15.c3 bxc3 16.bxc3 Nb5 17.Bd2 Ba6 18.exf5 exf5 19.Qxh5 Qe8
20.Qxe8 Rbxe8 21.a4 Nc7 22.Rf3 Ng6 23.Nxg6 hxg6 24.Ra3 Rb8 25.Ra1
Rb2 26.Rf2 Rfb8 27.Na3 Bxd3 28.Bf1 Bxf1 29.Kxf1 Rxd2 30.Rxd2
Bxc3 31.Rad1 Bxd2 32.Rxd2 d5 33.Ke2 Rb4 34.Nb5 Nxb5 35.axb5 d4
36.Ra2 c4 37.Rxa7 Rb2+ 38.Kd1 Rxb5 39.Rd7 Rb1+ 40.Kc2 Re1 41.Rxd4
Re4 42.Kc3 Kf7 43.Kxc4 Ke6 44.Rxe4+ fxe4 45.Kd4 Kf5 46.Ke3 Kg4
47.Kxe4 Kh5 48.Ke5 1-0

[Event "FIDE Open"]
[Site "Voronezh"]
[Date "2017.06.12"]
[Round "1.57"]
[White "Gulko, Oleg"]
[Black "Titov, Oleg"]
[Result "1-0"]
[WhiteElo "1956"]
[BlackElo "1598"]
[Annotator ""]
[Source ""]
[Remark ""]

1.d4 Nf6 2.c4 e6 3.Nc3 Bb4 4.Nf3 O-O 5.Bf4 d5 6.e3 Ne4 7.Qb3
c5 8.dxc5 Bxc3+ 9.bxc3 Nxc5 10.Qa3 b6 11.cxd5 Qxd5 12.Rd1 Qh5
13.Be2 Nbd7 14.Ne5 Qf5 15.Nxd7 Bxd7 16.Bd6 Ne4 17.Bf3 Rfc8 18.O-O
Bc6 19.c4 Nxd6 20.Bxc6 Rxc6 21.Rxd6 Rxc4 22.Rxb6 h6 23.Ra6 Qc5
24.Qxc5 Rxc5 25.Rb1 Rac8 26.Kf1 R5c7 27.Ke2 g5 28.Rb5 Kg7 29.Kf3
Kf6 30.h3 Kg6 31.g4 Kf6 32.Kg3 Kg6 33.h4 gxh4+ 34.Kxh4 Rd8 35.Rba5
Ra8 36.f4 Kg7 37.Kg3 Kh7 38.f5 exf5 39.Rxf5 Kg7 40.e4 Re8 41.e5
Rc3+ 42.Kh4 Rc7 43.Kh5 Rce7 44.Raf6 a5 45.a4 Rxe5 46.Rxf7+ Kg8
47.Kxh6 R8e6+ 48.Kg5 Re4 49.Rf8+ 1-0

[Event "FIDE Open"]
[Site "Voronezh"]
[Date "2017.06.12"]
[Round "1.57"]
[White "Elkina, Yuliya"]
[Black "Pavlova, Natalia"]
[Result "0-1"]
[WhiteElo "1591"]
[BlackElo "1954"]
[Annotator ""]
[Source ""]
[Remark ""]

1.f4 d5 2.e3 Nf6 3.Nf3 c5 4.b3 Bf5 5.Bb2 e6 6.Bb5+ Nc6 7.Ne5
Qb6 8.Bxc6+ bxc6 9.O-O Be7 10.d3 O-O 11.Nd2 Rad8 12.Rf3 Ng4 13.Rg3
Nxe5 14.Bxe5 f6 15.Bb2 c4 16.Kh1 Bb4 17.c3 Be7 18.d4 e5 19.Qh5
Bg6 20.Qh3 Bd6 21.f5 Be8 22.Qg4 Rf7 23.Rf3 c5 24.e4 cxd4 25.exd5
cxb3 26.Nxb3 a5 27.Rb1 a4 28.Nd2 Qa5 29.Nc4 Qxd5 30.Nxd6 Rxd6
31.cxd4 Qxa2 32.Rff1 Rb6 33.dxe5 Rxb2 34.Ra1 Qd5 35.e6 Rfb7 36.Rad1
Rd2 37.Rxd2 Qxd2 38.Qc4 Qb4 39.Qd5 Qb5 0-1

[Event "FIDE Open"]
[Site "Voronezh"]
[Date "2017.06.12"]
[Round "1.57"]
[White "Grishchenko, Vladimir"]
[Black "Rudakov, Sergey S."]
[Result "0-1"]
[WhiteElo "1939"]
[BlackElo "1575"]
[Annotator ""]
[Source ""]
[Remark ""]

1.e4 e5 2.Nf3 Nc6 3.Bb5 Nf6 4.d3 d6 5.a3 a6 6.Ba4 b5 7.Bb3 Bg4
8.c3 Na5 9.Bc2 c5 10.h3 Bh5 11.O-O Be7 12.Nbd2 O-O 13.Re1 Re8
14.Nf1 Bxf3 15.Qxf3 c4 16.Rb1 cxd3 17.Bxd3 Nd7 18.Ne3 g6 19.b4
Nc6 20.Bc2 Nb6 21.Bb3 Bf6 22.Nd5 Nxd5 23.Bxd5 Rc8 24.Bh6 Qe7
25.Rbc1 Bg7 26.Bd2 Qf6 27.Qg3 h6 28.Re3 Qf4 29.Rd3 Qxg3 30.fxg3
Ne7 31.Bb3 Red8 32.Rf1 d5 33.exd5 Rd6 34.Be3 e4 35.Bc5 exd3 36.Bxd6
Nf5 37.Bc5 Nxg3 38.Rf3 Ne2+ 39.Kf2 Nc1 40.Bd1 Bxc3 41.d6 Re8
42.Re3 Rd8 43.Re7 Bf6 44.Ra7 d2 45.d7 Nd3+ 46.Ke3 Ne5 47.Kxd2
Nxd7 48.Be3 Ne5+ 49.Ke2 Nc4 50.Bxh6 Re8+ 51.Kf3 Re6 52.Bc1 Re1
53.Rd7 Ne5+ 54.Kf2 Bh4+ 0-1

[Event "FIDE Open"]
[Site "Voronezh"]
[Date "2017.06.12"]
[Round "1.57"]
[White "Belov, Yury"]
[Black "Matveenko, Yury"]
[Result "0-1"]
[WhiteElo "1567"]
[BlackElo "1928"]
[Annotator ""]
[Source ""]
[Remark ""]

1.d4 Nf6 2.f3 d5 3.Bg5 Bf5 4.g4 Bg6 5.e3 Nbd7 6.h4 h5 7.Qd2 hxg4
8.fxg4 Nxg4 9.Be2 Ngf6 10.Nc3 Ne4 11.Nxe4 Bxe4 12.Bf3 Bxf3 13.Nxf3
Nf6 14.Qd3 c6 15.Ne5 Nd7 16.O-O-O Nxe5 17.dxe5 Qc8 18.Rdf1 Qe6
19.Bf4 O-O-O 20.Qa3 a6 21.Qc5 g6 22.Qb6 Bh6 23.Qd4 Bxf4 24.exf4
Rh5 25.Rf3 Qd7 26.Qa7 Qc7 27.Rb3 Rdh8 28.Qf2 e6 29.a3 Rf5 30.Rg3
Qxe5 31.Rf1 Qc7 32.Rg5 Rh5 33.Rxf5 Rxf5 34.Qd4 e5 35.Qe3 exf4
36.Qh3 Qe5 37.Kb1 Kc7 38.Qg4 Qe4 39.Qd1 f3 40.Re1 Qxh4 41.Qd2
f2 0-1

[Event "FIDE Open"]
[Site "Voronezh"]
[Date "2017.06.12"]
[Round "1.57"]
[White "Rozmanov, Aleksandr"]
[Black "Sych, Alina"]
[Result "1-0"]
[WhiteElo "1928"]
[BlackElo "1557"]
[Annotator ""]
[Source ""]
[Remark ""]

1.e4 c5 2.Nf3 d6 3.d4 cxd4 4.Nxd4 Nf6 5.f3 Nc6 6.c4 g6 7.Be3
Bg7 8.Qd2 O-O 9.Nc3 Bd7 10.Be2 Rc8 11.Rc1 Ne5 12.b3 Bc6 13.O-O
a6 14.Rfd1 Qc7 15.h3 Rfd8 16.Nd5 Bxd5 17.cxd5 Qb8 18.b4 Rxc1
19.Rxc1 Re8 20.a4 e6 21.dxe6 fxe6 22.b5 axb5 23.Nxb5 d5 24.Bf4
dxe4 25.fxe4 Nfd7 26.Rc7 Qd8 27.Rxb7 Nc5 28.Rxg7+ Kxg7 29.Bxe5+
Kg8 30.Qxd8 Rxd8 31.a5 Ra8 32.Bc7 Nb3 33.Bc4 Nxa5 34.Bxe6+ Kg7
35.Bd5 Ra6 36.Nd4 Ra7 37.Bb6 Ra6 38.Bc5 Nc4 39.Bxc4 1-0

[Event "FIDE Open"]
[Site "Voronezh"]
[Date "2017.06.12"]
[Round "1.57"]
[White "Yudakov, Alexey"]
[Black "Zaitseva, Lyudmila"]
[Result "1/2-1/2"]
[WhiteElo "1556"]
[BlackElo "1922"]
[Annotator ""]
[Source ""]
[Remark ""]

1.e4 e6 2.d4 d5 3.Nd2 Nf6 4.e5 Nfd7 5.Bd3 c5 6.c3 Nc6 7.Ne2 cxd4
8.cxd4 f6 9.exf6 Qxf6 10.Nf3 h6 11.O-O Bd6 12.Re1 O-O 13.Be3
Rd8 14.Nc3 Nf8 15.a3 Bd7 16.Bc2 Be8 17.Nb5 Bb8 18.Qd3 Bg6 19.Qe2
Bh5 20.h3 Bxf3 21.Qxf3 Qxf3 22.gxf3 a6 23.Nc3 Ba7 24.Ne2 e5 25.Red1
Ne6 26.dxe5 Bxe3 27.fxe3 Nxe5 28.Kf2 b5 29.Bf5 Nc7 30.Rac1 Ra7
31.Nd4 Rd6 32.f4 Nc4 33.Rc2 Kf7 34.Rdc1 g6 35.Bg4 h5 36.Bf3 Ne6
37.Nxe6 Kxe6 38.Rg1 Kf6 39.e4 dxe4 40.Bxe4 Rg7 41.Rg3 Rd4 42.Re2
Nd6 43.Kf3 Nxe4 44.Rxe4 Rd3+ 45.Re3 1/2-1/2

[Event "FIDE Open"]
[Site "Voronezh"]
[Date "2017.06.12"]
[Round "1.57"]
[White "Chervonenkis, Boris"]
[Black "Neklyudov, Taras"]
[Result "1/2-1/2"]
[WhiteElo "1918"]
[BlackElo "1550"]
[Annotator ""]
[Source ""]
[Remark ""]

1.e4 c5 2.Nf3 d6 3.d4 cxd4 4.Nxd4 Nf6 5.Nc3 Nc6 6.Be3 Ng4 7.Bb5
Nxe3 8.Nxc6 Nxd1 9.Nxd8+ Kxd8 10.Rxd1 e6 11.e5 d5 12.Ne2 a6 13.Bd3
Kc7 14.Nd4 Bc5 15.c3 Bxd4 16.cxd4 Bd7 17.Rc1+ Kb6 18.Kd2 Rac8
19.h4 h6 20.Ke3 Bb5 21.Bb1 a5 22.g4 a4 23.a3 Bc4 24.h5 Ka5 25.f4
b5 26.Rc3 Rc7 27.g5 hxg5 28.fxg5 g6 29.h6 Rh7 30.Bd3 Re7 31.Kd2
Kb6 32.Bc2 Kc6 33.Rf3 Re8 34.Ra1 Kd7 35.b3 axb3 36.Bxb3 Rc8 37.a4
b4 38.a5 Kc6 39.Ba4+ Kb7 40.Rh3 b3 41.Bxb3 Rb8 1/2-1/2

[Event "FIDE Open"]
[Site "Voronezh"]
[Date "2017.06.12"]
[Round "1.57"]
[White "Moiseeva, Polina"]
[Black "Piskov, Vladimir A."]
[Result "0-1"]
[WhiteElo "1547"]
[BlackElo "1909"]
[Annotator ""]
[Source ""]
[Remark ""]

1.e4 g6 2.d4 Bg7 3.Nf3 c6 4.c3 d5 5.e5 Bg4 6.h3 Bxf3 7.Qxf3 f6
8.Bf4 fxe5 9.Bxe5 Nf6 10.Bd3 Nbd7 11.Bxf6 Bxf6 12.O-O O-O 13.Qe2
e5 14.dxe5 Nxe5 15.Nd2 Qb6 16.Rab1 Rae8 17.Qe3 Qxe3 18.fxe3 Nxd3
19.Rf3 Bg5 20.e4 Rxf3 21.Nxf3 Be3+ 22.Kh2 dxe4 0-1

[Event "FIDE Open"]
[Site "Voronezh"]
[Date "2017.06.12"]
[Round "1.57"]
[White "Gerasko, Viacheslav"]
[Black "Kuritsina, Zlata"]
[Result "1/2-1/2"]
[WhiteElo "1907"]
[BlackElo "1538"]
[Annotator ""]
[Source ""]
[Remark ""]

1.c4 g6 2.Nc3 Bg7 3.g3 Nf6 4.Bg2 Nc6 5.e3 e6 6.d4 d5 7.b3 O-O
8.Nge2 Re8 9.f4 b6 10.Ba3 Bf8 11.Qc1 Bb7 12.O-O Na5 13.Bxf8 Kxf8
14.Qa3+ Kg8 15.c5 Qe7 16.h3 Ba6 17.Rfe1 Bxe2 18.Rxe2 Rab8 19.Qa4
Qd7 20.Qa3 c6 21.Rc1 Qc7 22.Rec2 b5 23.Qb2 a6 24.Nd1 Nd7 25.Nf2
f5 26.Nd3 Nb7 27.Nb4 Ra8 28.Re2 a5 29.Nd3 a4 30.b4 Nd8 31.a3
Nf7 32.Rce1 Nf6 33.Nf2 Qd7 34.Bf3 Kh8 35.g4 Rg8 36.g5 Ne8 37.h4
Ng7 38.Nh1 Nh5 39.Bxh5 gxh5 40.Ng3 Nd8 41.Nxh5 Qf7 42.Ng3 h5
43.Rg2 Rg6 1/2-1/2

[Event "FIDE Open"]
[Site "Voronezh"]
[Date "2017.06.12"]
[Round "1.57"]
[White "Ismailov, Samir"]
[Black "Sokolovsky, Victor"]
[Result "0-1"]
[WhiteElo "1517"]
[BlackElo "1896"]
[Annotator ""]
[Source ""]
[Remark ""]

1.d4 d5 2.Nf3 c5 3.Bf4 Nc6 4.e3 Nf6 5.Bb5 e6 6.O-O Bd6 7.Bg5
O-O 8.Nbd2 Qc7 9.Bxf6 gxf6 10.dxc5 Bxc5 11.e4 Kh8 12.exd5 exd5
13.Nb3 Bb6 14.Qxd5 Be6 15.Qh5 Rg8 16.Bd3 Rg7 17.Kh1 Qf4 18.Qh4
Bg4 19.Nbd2 Ne5 20.Nxe5 fxe5 21.f3 Be6 22.Qxf4 exf4 23.Rae1 Rag8
24.Re2 Bh3 25.g3 fxg3 26.hxg3 Rxg3 27.Kh2 Bg2 0-1

[Event "FIDE Open"]
[Site "Voronezh"]
[Date "2017.06.12"]
[Round "1.57"]
[White "Nakonechny, Ignat"]
[Black "Kuzminykh, Nikita"]
[Result "1-0"]
[WhiteElo "1893"]
[BlackElo "1511"]
[Annotator ""]
[Source ""]
[Remark ""]

1.e4 e5 2.d4 exd4 3.Qxd4 Nc6 4.Qe3 Nf6 5.Nc3 Bb4 6.Bd2 d6 7.O-O-O
O-O 8.f3 Bc5 9.Qg5 a6 10.g4 Ne5 11.Be2 b5 12.h4 b4 13.Na4 h6
14.Qf4 Bxg1 15.Rhxg1 Bd7 16.Nc5 Ng6 17.Qh2 Nxg4 18.fxg4 dxc5
19.h5 Qh4 20.Qxc7 Qf2 21.hxg6 Qxe2 22.Qxd7 Qc4 23.gxf7+ Rxf7
24.Qd5 Qxd5 25.exd5 1-0

[Event "FIDE Open"]
[Site "Voronezh"]
[Date "2017.06.12"]
[Round "1.57"]
[White "Kobozev, Aleksandr"]
[Black "Bukatin, Arseny"]
[Result "1-0"]
[WhiteElo "1497"]
[BlackElo "1883"]
[Annotator ""]
[Source ""]
[Remark ""]

1.e4 e5 2.Nf3 Nc6 3.Bb5 a6 4.Bxc6 dxc6 5.O-O f6 6.d4 exd4 7.Nxd4
Bd6 8.Nc3 Ne7 9.Be3 O-O 10.Qe2 Ng6 11.Rad1 Qe7 12.Kh1 Bd7 13.f4
Rad8 14.Bc1 Rfe8 15.Qc4+ Kh8 16.Rde1 Bc8 17.h3 Bxf4 18.Bxf4 Nxf4
19.Rxf4 Qe5 20.Nce2 g5 21.Rff1 Qxe4 22.Ng3 Qxe1 23.Rxe1 Rxe1+
24.Kh2 Re5 25.Qf7 Red5 26.Nh5 R5d7 27.Qxf6+ Kg8 28.Qxg5+ Kh8
29.Qf6+ Kg8 30.Nf5 1-0

[Event "FIDE Open"]
[Site "Voronezh"]
[Date "2017.06.12"]
[Round "1.57"]
[White "Filippov, Vladimir"]
[Black "Osipyan, Grigor"]
[Result "1-0"]
[WhiteElo "1882"]
[BlackElo "1452"]
[Annotator ""]
[Source ""]
[Remark ""]

1.Nf3 c5 2.c4 Nf6 3.Nc3 e6 4.g3 Nc6 5.Bg2 Be7 6.O-O d5 7.cxd5
exd5 8.d4 Be6 9.h3 h6 10.dxc5 Bxc5 11.Na4 Be7 12.Nd4 Nxd4 13.Qxd4
Qd7 14.Kh2 b6 15.Be3 Rc8 16.Rac1 O-O 17.Rfd1 Qb5 18.Nc3 Qc4 19.Nxd5
Bxd5 20.Rxc4 Bxc4 21.Rc1 Rfd8 22.Qxc4 Rxc4 23.Rxc4 Ne8 24.Ra4
a5 25.Bxb6 Rb8 26.Bd4 Bd8 27.Bc3 Rb6 28.Rxa5 Re6 29.Re5 Rxe5
30.Bxe5 1-0

[Event "FIDE Open"]
[Site "Voronezh"]
[Date "2017.06.12"]
[Round "1.57"]
[White "Romanov, Maksim"]
[Black "Shilo, Kirill"]
[Result "1-0"]
[WhiteElo "1452"]
[BlackElo "1882"]
[Annotator ""]
[Source ""]
[Remark ""]

1.d4 Nf6 2.Nf3 e6 3.e3 c5 4.b3 g6 5.Bb2 Bg7 6.Bd3 Nc6 7.O-O cxd4
8.exd4 d5 9.Nbd2 O-O 10.Re1 Nd7 11.Ne5 Ndxe5 12.dxe5 Re8 13.Nf3
Qc7 14.a3 a5 15.Qe2 Bd7 16.Kh1 Na7 17.Bd4 Nc6 18.Bb2 Ne7 19.Rac1
Bc6 20.Nd4 Qb6 21.Qe3 Qd8 22.Qg3 Kh8 23.Qf4 Nf5 24.Nxf5 gxf5
25.Re3 Rg8 26.Rh3 Bf8 27.Bxf5 exf5 28.e6+ Bg7 29.Qh6 1-0

[Event "FIDE Open"]
[Site "Voronezh"]
[Date "2017.06.12"]
[Round "1.57"]
[White "Natarov, Ilya"]
[Black "Smaleva, Stanislava"]
[Result "1-0"]
[WhiteElo "1881"]
[BlackElo "1446"]
[Annotator ""]
[Source ""]
[Remark ""]

1.d4 d5 2.c4 e6 3.Nc3 Nf6 4.cxd5 exd5 5.Bg5 Be7 6.e3 c6 7.Bd3
O-O 8.h3 Nbd7 9.Nf3 Nh5 10.Bxe7 Qxe7 11.O-O Re8 12.Rb1 a5 13.a3
Nf8 14.b4 axb4 15.axb4 Ne6 16.b5 g6 17.bxc6 bxc6 18.Ne5 Qc7 19.Qc2
Ba6 20.Bxa6 Rxa6 21.Rfc1 Rc8 22.Qb3 Nf6 23.Na4 Qa7 24.Nc5 Nxc5
25.Rxc5 Nd7 26.Nxd7 Qxd7 27.Qb7 Ra7 28.Qxd7 Rxd7 29.Rb6 Rd6 30.Rb7
Kf8 31.Ra5 h5 32.h4 Re6 33.Raa7 Rf6 34.Ra5 Re6 35.Kh2 Re7 36.Rxe7
Kxe7 37.Kg3 Rc7 38.Kf4 f6 39.f3 Ke6 40.Rc5 Kd6 41.g4 Rh7 42.Kg3
Kd7 43.Ra5 Ke6 44.Ra6 Kd6 45.Ra8 Rg7 46.gxh5 gxh5+ 47.Kf4 Ke6
48.Rh8 Rg1 49.Rxh5 Rh1 50.Rh7 Rh2 51.h5 Rh1 52.h6 Rh2 53.Kg4
Rh1 54.Rh8 Rh2 55.h7 Kf7 56.Rc8 Rxh7 57.Rc7+ Kg6 58.Rxh7 Kxh7
59.Kf5 Kg7 60.Ke6 Kg6 61.Kd6 Kg5 62.Kxc6 Kh4 63.Kxd5 1-0

[Event "FIDE Open"]
[Site "Voronezh"]
[Date "2017.06.12"]
[Round "1.57"]
[White "Volovich, Evgeny"]
[Black "Presnyakov, Kirill"]
[Result "0-1"]
[WhiteElo "1353"]
[BlackElo "1876"]
[Annotator ""]
[Source ""]
[Remark ""]

1.e4 e6 2.d4 d5 3.e5 c5 4.c3 Qb6 5.Nf3 Nc6 6.a3 cxd4 7.cxd4 Bd7
8.b4 Nge7 9.Be2 Nf5 10.Bb2 Be7 11.O-O a6 12.g4 Nh4 13.Nxh4 Bxh4
14.f4 f6 15.Kh1 O-O 16.Qd3 fxe5 17.dxe5 Bf2 18.Nc3 Qe3 19.Nxd5
Qxd3 20.Bxd3 exd5 21.Rxf2 Bxg4 22.Rg1 Bf5 23.Bxf5 Rxf5 24.Rd1
Rd8 25.Bd4 Nxd4 26.Rxd4 g5 27.Rg2 Kf7 28.Rxg5 Rxg5 29.fxg5 Ke6
30.Rh4 d4 31.Re4 d3 32.Re1 d2 33.Rd1 Kxe5 0-1

[Event "FIDE Open"]
[Site "Voronezh"]
[Date "2017.06.12"]
[Round "1.57"]
[White "Perch, Sofya"]
[Black "Smaleva, Veronika"]
[Result "1-0"]
[WhiteElo "1874"]
[BlackElo "1163"]
[Annotator ""]
[Source ""]
[Remark ""]

1.d4 d5 2.c4 e6 3.e3 Nf6 4.Nc3 Nbd7 5.Nf3 Bd6 6.Bd3 O-O 7.O-O
dxc4 8.Bxc4 b6 9.e4 e5 10.Be3 Bb7 11.d5 Bc5 12.Re1 c6 13.Bxc5
Nxc5 14.Nxe5 Rc8 15.dxc6 Bxc6 16.Qxd8 Rfxd8 17.Nxf7 Rf8 18.Nd6+
Kh8 19.Nxc8 Rxc8 20.Bd5 Nd3 21.Re2 Nf4 22.Rd2 Bxd5 23.exd5 Rd8
24.g3 Ng6 25.Kg2 Kg8 26.Re1 Kf7 27.d6 Nd7 28.Ne4 Re8 29.Ng5+
Kf8 30.Nxh7+ Kf7 31.Ng5+ Kf8 32.Rxe8+ Kxe8 33.Re2+ 1-0

[Event "FIDE Open"]
[Site "Voronezh"]
[Date "2017.06.12"]
[Round "1.57"]
[White "Mikhalenko, Ivan"]
[Black "Zisin, Oleg"]
[Result "0-1"]
[WhiteElo "1137"]
[BlackElo "1870"]
[Annotator ""]
[Source ""]
[Remark ""]

1.e4 c5 2.Nc3 Nc6 3.Nf3 d6 4.Bc4 Nf6 5.O-O Bg4 6.h3 Bh5 7.d3
e6 8.Bg5 Be7 9.Bxf6 Bxf6 10.Re1 O-O 11.a4 Nd4 12.Re3 Bg5 13.Re1
Qf6 14.g4 Nxf3+ 15.Kg2 Nxe1+ 16.Qxe1 Bg6 17.f3 Rfe8 18.h4 Bxh4 0-1

[Event "FIDE Open"]
[Site "Voronezh"]
[Date "2017.06.12"]
[Round "1.57"]
[White "Stepanyan, Eva"]
[Black "Rtischev, Maksim"]
[Result "1-0"]
[WhiteElo "1856"]
[BlackElo "1132"]
[Annotator ""]
[Source ""]
[Remark ""]

1.e4 e5 2.Nf3 Nf6 3.Nxe5 d6 4.Nf3 Nxe4 5.Nc3 Nf6 6.d4 d5 7.Be2
Be7 8.O-O O-O 9.h3 Nc6 10.Bf4 Bf5 11.a3 Ne4 12.Bb5 Nxc3 13.bxc3
Bd6 14.Bg5 Be7 15.Bf4 Bd6 16.Ne5 Ne7 17.Be3 c6 18.Bd3 Bxe5 19.dxe5
Qa5 20.Bd2 Bxd3 21.cxd3 Ng6 22.f4 f5 23.Kh1 Qc7 24.d4 c5 25.Qb3
c4 26.Qc2 Rae8 27.Bc1 Qf7 28.Rb1 a6 29.a4 Nh4 30.Ba3 Qg6 31.Rg1
Qh6 32.Bxf8 1-0